| 000 | 00846pam a2200265 a 4500 | ||
|---|---|---|---|
| 001 | 4330276 | ||
| 003 | ARRUPE | ||
| 005 | 20150909153841.0 | ||
| 008 | 881212s1989 nyu b 001 0 eng | ||
| 010 | _a 88034573 | ||
| 020 |
_a0814778909 (alk. paper) : _c$35.00 |
||
| 040 |
_aDLC _cDLC _dDLC |
||
| 050 | 0 | 0 |
_aGN345 _b.S33 1989 |
| 082 | 0 | 0 |
_a306/.01 _219 |
| 100 | 1 |
_aScharfstein, Ben-Ami, _d1919- _919696 |
|
| 245 | 1 | 4 |
_aThe dilemma of context / _cBen-Ami Scharfstein. |
| 260 |
_aNew York : _bNew York University Press, _cc1989. |
||
| 300 |
_axv, 218 p. ; _c24 cm. |
||
| 504 | _aIncludes bibliographical references. | ||
| 650 | 0 |
_aEthnology _xPhilosophy. _919697 |
|
| 650 | 0 |
_aCultural relativism. _93254 |
|
| 650 | 0 |
_aPhilosophy and social sciences. _9622 |
|
| 906 |
_a7 _bcbc _corignew _d1 _eocip _f19 _gy-gencatlg |
||
| 942 |
_2lcc _cMONOGRAPH |
||
| 999 |
_c123362 _d123362 |
||